Green roofs: up on the roof (Record no. 72844)

MARC details
000 -LEADER
fixed length control field 01529cam a2200265 4500
001 - CONTROL NUMBER
control field ABS66770
008 - FIXED-LENGTH DATA ELEMENTS--GENERAL INFORMATION
fixed length control field 030612n2003 000 0 eng u
035 ## - SYSTEM CONTROL NUMBER
System control number (Sirsi) u122579
100 ## - MAIN ENTRY--PERSONAL NAME
Personal name Dunnett, N.
245 ## - TITLE STATEMENT
Title Green roofs: up on the roof
260 ## - PUBLICATION, DISTRIBUTION, ETC.
Date of publication, distribution, etc. 2003
490 ## - SERIES STATEMENT
Series statement Landscape Design
Volume/sequential designation (321) June 2003, 35-38(4)
490 ## - SERIES STATEMENT
Series statement Estates Gazette
Volume/sequential designation (0325) 21 June 2003, 130-131(2)
520 ## - SUMMARY, ETC.
Summary, etc. Examines the growing potential of green roofs, a concept that is becoming more popular in the UK as environmental benefits are recognised. Charts the history of green roofs, in particular pointing to research in Germany, and highlights the distinction between 'intensive' and 'extensive' green roofs. Suggests there is much potential for 'semi-extensive' green roofs in the UK and outlines several advantages of green roofs such as their role in sustainable urban drainage strategies, their contribution to biodiversity and their recreational and aesthetic qualities. Also provides technical information about green roofs, which generally consist of a drainage layer, a substrate or growth medium layer and a vegetation layer, and looks at different products and techniques. Lists several websites for further information.
590 ## - LOCAL NOTE (RLIN)
Local note ABS
650 ## - SUBJECT ADDED ENTRY--TOPICAL TERM
Topical term or geographic name entry element URBAN ENVIRONMENT
650 ## - SUBJECT ADDED ENTRY--TOPICAL TERM
Topical term or geographic name entry element ENVIRONMENTAL BENEFITS
650 ## - SUBJECT ADDED ENTRY--TOPICAL TERM
Topical term or geographic name entry element TURF ROOFS
650 ## - SUBJECT ADDED ENTRY--TOPICAL TERM
Topical term or geographic name entry element GREEN BUILDINGS
650 ## - SUBJECT ADDED ENTRY--TOPICAL TERM
Topical term or geographic name entry element ROOFING MATERIALS
650 ## - SUBJECT ADDED ENTRY--TOPICAL TERM
Topical term or geographic name entry element GERMANY
690 ## - LOCAL SUBJECT ADDED ENTRY--TOPICAL TERM (OCLC, RLIN)
Topical term or geographic name as entry element BUILT ENVIRONMENT-BUILDING MATERIALS
700 ## - ADDED ENTRY--PERSONAL NAME
Personal name Kingsbury, N.
942 ## - ADDED ENTRY ELEMENTS (KOHA)
Suppress in OPAC 0
Holdings
Withdrawn status Lost status Source of classification or shelving scheme Damaged status Not for loan Home library Current library Shelving location Date acquired Total Checkouts Full call number Barcode Date last seen Copy number Price effective from Koha item type
    Dewey Decimal Classification     London London Journal article 12/06/2003   ABS66770 122579-1001 06/08/2019 1 06/08/2019 Journal article